| 000 | 00000nam 2200000za 4500 |
| 001 | 9.606923 |
| 003 | CaOODSP |
| 005 | 20210624212852 |
| 007 | cr ||||||||||| |
| 008 | 150406|1988||||xxc|||||o f|0| 0 fre d |
| 040 | |aCaOODSP|bfre |
| 043 | |an-cn--- |
| 086 | 1 |aEn49-4/4-2F-PDF |
| 110 | 1 |aCanada. |bEnvironnement Canada. |bService de la protection de l'environnement. |
| 245 | 10|aDevenir et effets des BPC dans l'environnement canadien / |h[ressource électronique]|cpar W.M.J. Strachan ; rédigé pour la Comité directeur des produits chimiques toxiques, Conseil canadien des ministres des ressources et de l'environnement. |
| 260 | |aOttawa - Ontario : |bEnvironnement Canada. |cMai 1988. |
| 300 | |a116p.|bréférences, tableaux |
| 490 | 1 |aSérie de la Protection de l'environnement. Déchets dangereux|vSPE 4/HA/2 |
| 500 | |aLe n° de catalogue (En49-4/4-2F) et l'ISBN (0-662-94930-7) de l'édition imprimée ont été copiés dans l'édition électronique. |
| 546 | |a(Abstract in English.) |
| 590 | |a14-21-Supp|b2014-12-11 |
| 691 | 07|aDéchets dangereux|2gcpds |
| 691 | 07|aImpact sur l'environnement|2gcpds |
| 775 | 08|tPolychlorinated biphenyls (PCBs) - fate and effects in the Canadian environment / |w(CaOODSP)9.579524 |
| 830 | #0|aSérie de la Protection de l'environnement. Déchets dangereux ;|vSPE 4/HA/2|w(CaOODSP)9.504214 |
| 856 | 40|ahttp://publications.gc.ca|qPDF|s1.49 Mo|uhttps://publications.gc.ca/collections/collection_2014/ec/En49-4-4-2-fra.pdf|ySPE 4/HA/2 |